Cvrkot v DÚ - boj o moc?

Bibliographic Details
Main Author: Gallo, Igor, 1936-2019 (Author)
Corporate Author: Demokratická únia Slovenska (politická strana) (Author)
Format: Article
Language:Slovak
Subjects:

MARC

LEADER 00000nab a2200000 a 4500
001 vtls000893091
003 SK-MaSNL
005 20260304010205.0
008 040720e19950614xo 0 slo
035 |a KE2126 
040 |a KEVKJB  |b slo  |c KEVKJB  |e AACR2 
041 0 |a slo 
044 |a xo  |c SK 
080 |a 329  |2 1981 
100 1 |a Gallo, Igor,  |d 1936-2019  |4 aut  |9 85732 
245 1 0 |a Cvrkot v DÚ - boj o moc? 
610 2 7 |a Demokratická únia (politická strana)  |2 KEVKJB  |9 51505 
650 0 7 |a politické strany  |2 KEVKJB  |9 3589 
650 0 7 |a nezhody vnútrostrannícke  |2 KEVKJB  |9 1287805 
650 0 7 |a informácie  |2 KEVKJB  |9 1285 
651 7 |a KE,  |2 KEVKJB  |9 877256 
651 7 |a KE,  |2 KEVKJB  |9 877256 
655 7 |a periodikum  |2 snkbucl  |9 29553 
710 2 |a Demokratická únia Slovenska (politická strana)  |4 aut  |9 58155 
773 0 8 |t Košický večer  |g Roč. 6  |g Roč. 28, č.114, 14.6.1995, s. 1,2 
852 |a ZVYKNI  |b KIS3GCP 
999 |c 2559639  |d 2561569